Моделирование пучка углеродных нанотрубок под воздействием механического давления и в газовых средах; Перспективы развития фундаментальных наук; Т. 1 : Физика
| Parent link: | Перспективы развития фундаментальных наук=Prospects of Fundamental Sciences Development: сборник научных трудов XVI Международной конференции студентов, аспирантов и молодых ученых, г. Томск, 23-26 апреля 2019 г./ Национальный исследовательский Томский политехнический университет (ТПУ) ; под ред. И. А. Курзиной, Г. А. Вороновой.— , 2019 Т. 1 : Физика.— 2019.— [С. 244-246] |
|---|---|
| 1. Verfasser: | |
| Körperschaft: | |
| Weitere Verfasser: | |
| Zusammenfassung: | Заглавие с экрана In this work, a simulation of a carbon nanotube beam by the molecular dynamics method was performed. The change in the structure of the tubes under the influence of mechanical pressure and when placed in gaseous media - argon, molecular hydrogen was investigated. |
| Sprache: | Russisch |
| Veröffentlicht: |
2019
|
| Schlagworte: | |
| Online-Zugang: | http://earchive.tpu.ru/handle/11683/55845 |
| Format: | Elektronisch Buchkapitel |
| KOHA link: | https://koha.lib.tpu.ru/cgi-bin/koha/opac-detail.pl?biblionumber=629697 |
MARC
| LEADER | 00000naa2a2200000 4500 | ||
|---|---|---|---|
| 001 | 629697 | ||
| 005 | 20231101133556.0 | ||
| 035 | |a (RuTPU)RU\TPU\conf\30440 | ||
| 035 | |a RU\TPU\conf\30439 | ||
| 090 | |a 629697 | ||
| 100 | |a 20190905d2019 k y0rusy50 ca | ||
| 101 | 0 | |a rus |d eng | |
| 102 | |a RU | ||
| 105 | |a y z 100zy | ||
| 135 | |a drcn ---uucaa | ||
| 181 | 0 | |a i | |
| 182 | 0 | |a b | |
| 200 | 1 | |a Моделирование пучка углеродных нанотрубок под воздействием механического давления и в газовых средах |d Modeling of a carbon nanotube bunch under the influence of mechanical pressure and in gas environs |f А. В. Николаева |g науч. рук. Н. В. Чистякова | |
| 203 | |a Текст |c электронный | ||
| 230 | |a 1 компьютерный файл (pdf; 618 Kb) | ||
| 300 | |a Заглавие с экрана | ||
| 330 | |a In this work, a simulation of a carbon nanotube beam by the molecular dynamics method was performed. The change in the structure of the tubes under the influence of mechanical pressure and when placed in gaseous media - argon, molecular hydrogen was investigated. | ||
| 461 | 1 | |0 (RuTPU)RU\TPU\conf\30347 |t Перспективы развития фундаментальных наук |l Prospects of Fundamental Sciences Development |o сборник научных трудов XVI Международной конференции студентов, аспирантов и молодых ученых, г. Томск, 23-26 апреля 2019 г. |o в 7 т. |f Национальный исследовательский Томский политехнический университет (ТПУ) ; под ред. И. А. Курзиной, Г. А. Вороновой |d 2019 | |
| 463 | 1 | |0 (RuTPU)RU\TPU\conf\30348 |t Т. 1 : Физика |v [С. 244-246] |d 2019 | |
| 510 | 1 | |a Modeling of a carbon nanotube bunch under the influence of mechanical pressure and in gas environs |z eng | |
| 610 | 1 | |a электронный ресурс | |
| 610 | 1 | |a труды учёных ТПУ | |
| 610 | 1 | |a моделирование | |
| 610 | 1 | |a пучки | |
| 610 | 1 | |a углеродные нанотрубки | |
| 610 | 1 | |a давление | |
| 610 | 1 | |a газовые среды | |
| 610 | 1 | |a молекулярная динамика | |
| 610 | 1 | |a молекулярный водород | |
| 700 | 1 | |a Николаева |b А. В. | |
| 702 | 1 | |a Чистякова |b Н. В. |c физик |c ассистент Томского политехнического университета, кандидат физико-математических наук |f 1982- |g Надежда Владимировна |2 stltpush |4 727 | |
| 712 | 0 | 2 | |a Национальный исследовательский Томский политехнический университет |b Инженерная школа ядерных технологий |b Отделение экспериментальной физики |h 7865 |2 stltpush |3 (RuTPU)RU\TPU\col\23549 |
| 801 | 2 | |a RU |b 63413507 |c 20190925 |g RCR | |
| 856 | 4 | |u http://earchive.tpu.ru/handle/11683/55845 | |
| 942 | |c BK | ||